00862nam a2200265 a 4500001001000000003000500010005001700015008004100032010001100073011001100084020001800095040000900113082001800122245014400140260009300284300001800377490001200395500004900407650002500456650003000481650003000511650002800541700001500569830001200584000116096CHAP20220329144601.0190909s2017 xxc |r| ||||||spa d a112557 a113529 a9781552506035 cCHAP04a362.1042bV6404aUna vida sana para mujeres y niños vulnerables :baplicaciones de la investigación sobre sistemas de salud /cpor Sue Godt ...[et al.]. aCanadá :bCentro de Internacional de Investigaciones para el Desarrollo (IDRC),c2017. axxiii, 125 p. aEn Foco aPuede consultar en www.idrc.ca/healthy-lives14aMedicina preventiva.14aMujeresxSalud e higiene.14aNiñosxSalud e higiene.14aSalud públicaxLeyes.1 aGodt, Sue.00aEn Foco